Miasta w województwie lubelskim - Nagła śmierć - Statystyki

Ogólne statystyki
  • Ten quiz został rozwiązany 49 razy
  • Średni wynik to 8 z 12
Answers on the Grid
Answers color-coded by a green-red scale on the quiz's grid according to % correct below.
Lublin
Włodawa
Zamość
Siedlce
Biała Podlaska
Stalowa Wola
Nisko
Dęblin
Łuków
Leżajsk
Bychawa
Lubaczów
Kraśnik
Radzyń Podlaski
Łęczna
Kozienice
Garwolin
Międzyrzec Podlaski
Kock
Mielec
 
Statystyki odpowiedzi
Odpowiedź % Poprawnych
Lublin
100%
Zamość
92%
Biała Podlaska
75%
Łęczna
67%
Kraśnik
64%
Łuków
64%
Dęblin
61%
Włodawa
58%
Międzyrzec Podlaski
56%
Radzyń Podlaski
53%
Kock
47%
Bychawa
44%
Nie znaleziono quizów pasujących do podanych kryteriów
Rozkład punktacji
Procent ludzi z każdym wynikiem
Percentyl według liczby udzielonych odpowiedzi
Twoja historia wyników
Nie rozwiązałeś tego quizu